000 04943nam0a22005531 4500
001 RU\NLR\A1\12825
005 20260407111839.0
035 _a(NLR Aleph) 009675259
090 _a9679624
_c9679624
100 _a19971119d1782 m y0rusy50 ca
101 1 _arus
_cfre
102 _aRU
140 _ay y ebyaa0000
200 1 _aНовый найденышь, или Щастливый голландец.
_eЗаписи ведены им самим.
_fПеревел с французскаго языка на российской артиллерии сержант Николай Иванов
210 _aПечатано в Москве
_c[Сенат. тип.]
_d1782
215 _a[6], 180 с.
_d12°
300 _aЗагл. ориг.: Le nouvel enfant trouvé, ou le fortuné hollandois. Mémoires écrits par lui-méme. Londres, 1766
300 _aНа с.[3-5] посвящ. пер. И.Ф.Голицыну.
316 _aЭкз. РНБ (137/823) в сост. картон. пер., обтянутом коричневатой бумагой, с кожаными коричневыми корешком и уголками. На нижней крышке пер. экслибрис рус. фонда ГПБ с шифром. Корешок гладкий. На корешке фрагм. крас. кожаной наклейки с тиснением "Новый". На форзаце ярлык с шифром ГПБ. На нахзаце техн. штамп. На тит. л. круглый штамп "Госуд. Публичн. библиотека Дублет". На обороте тит. л. и с.33 круглый штамп ГПБ. На с.180 техн. помета.
_5NLR: 137/823
316 _aЭкз. РНБ (18.256.5.16) в картон. коричневом марморир. цельнокожаном пер. На нижней крышке пер. экслибрис рус. фонда РНБ с шифром. Корешок с 5-ю бинтами, с тиснением золотом. Фрагм. корешка утрачен. Позолота почти полностью утрачена. На корешке крас. кожаная наклейка, на которой вытиснено: "Новый найдены" и две бумаж. наклейки: с порядковым номером книги на полке "16" и "Нов". Обрез тонир. крас. На форзаце ярлык с шифром РНБ. На нахзаце штамп дезинфекции 1951 г. На тит. л. штамп ИБ в венке с короной и помета. Экз. неправильно сборшюрован: тетрадь "Ж" вплетена перед тетрадью "Е". Паг экз.: [6], 120, 145-168, 121-144, 169-180.
_5NLR: 18.256.5.16
317 _aВ экз. РНБ (137/823) на форзаце экслибрис Б-ки для чтения А.Ф.Смирдина, с вписанным номером: 9096 (Богомолов 14508) и владельч. запись: "Александр Кецелев". На нахзаце шрифтовой ярлык «Антикварная книжная торговля В.И.Клочкова».
_5NLR: 137/823
317 _aЭкз. ЗНБ СГУ из б-ки П.М.Мальцева
_5ЗНБ СГУ
321 1 _aСК XVIII 4694
321 1 _aСК XVIII. Доп. С.115
454 0 _12001#$aLe nouvel enfant trouvé, ou le fortuné hollandois. Mémoires écrits par lui-méme.
_1210##$aLondres$d1766
_tLe nouvel enfant trouvé, ou le fortuné hollandois. Mémoires écrits par lui-méme.
517 1 _aЩастливый голландец
518 1 _aНовый найденыш, или Счастливый голландец
518 1 _aСчастливый голландец
620 _dМосква
702 1 _aГолицын
_bИ.Ф.
_f1731-1797
_gИван Федорович
_4280
702 1 _aИванов
_bН.
_cсержант артиллерии
_gНиколай
_4730
702 1 _4390
_8rus
_7ca
_aСмирдин
_bА. Ф.
_f1795-1857
_gАлександр Филиппович
_3RU\NLR\AUTH\7764528
_947457
702 1 _aКецелев
_bА.
_gАлександр
_5NLR: 137/823
_4390
702 1 _4160
_7ca
_8rus
_aКлочков
_bВ. И.
_fок.1861-1915
_gВасилий Иванович
_9172600
_3RU\NLR\AUTH\770172651
702 1 _4390
_7ca
_8rus
_aМальцев
_bП. М.
_f1856-1919
_gПаисий Михайлович
_9251164
_3RU\NLR\AUTH\770251220
712 0 2 _4610
_aСенатская типография
_cМосква
_3RU\NLR\AUTH\889940126
_9375083
801 0 _aRU
_bNLR
_c19971119
852 _aNLR
_j18.256.5.16
852 _aNLR
_j137/823
899 _aРГБ
899 _aЗНБ СГУ
899 _aКостОУНБ
899 _aБАН
899 _aГПИБ
899 _aНБЛ КГУ
942 _cBOOK
980 _aNB
980 _aA1XVIIIv